000 00922nam a22002537a 4500
005 20090613115713.0
008 090613t xxu||||| |||| 00| 0 eng d
010 _aENG-93971
020 _c250.00
_a9788180546181
035 _aEN-77504
037 _bDBAD / PUB
040 _adpl
_bEnglish
082 _a331.8
100 _aTripathi, P.C.
245 _aIndustrial relations & labour laws /
_cby P.C. Tripathi, C.B. Gupta [and] N.D. Kapoor
250 _a4th thoroughly rev and enl. ed.
260 _aNew Delhi
_bSultan Chand
_c2009
270 _a23, Daryaganj,
_bNew Delh
_e110002
300 _aVarious pagings
_c25cm(pbk)
700 _aGupta, C.B.
700 _aKapoor, N.D.
942 _2ddc
_cEN
_mTRI
_h331.8
999 _c27400
_d27400